000 00694nam a2200241 a 4500
008
020 _a0750608226 (hbk.)
049 _aMAIN
090 _aREF CC135
_bMAN
245 1 0 _aManual of heritage management :
_bedited by Richard Harrison.
260 _aOxford :
_bButterworth,
_c1994.
300 _axiii, 425 p. :
_bill. ;
_c25cm.
500 _aIncludes bibliographical references.
500 _aInclude index.
650 1 _aAntiquities
650 _aHistoric sites.
700 _aHarrison Richard.
907 _a.b10310927
_b17-03-22
_c13-03-12
003
005 20230120191434.0
040 _cNUST
942 _cBOOKS
_kREF CC135
_mMAN
999 _c101133
_d101133